=LDR 00000nam 2200000 4500 =001 001162 =005 20250710114639 =035 ##$$a 0010-0725000043 =007 ta =008 250710################a##########0#ind## =082 ##$$a 398.209 598 =100 #$$a Pinto,Jerry =245 1#$$a Ming-Ming, si Beruang Kecil yang Gembul : $b tidak ada /$c Jerry Pinto =250 ##$$a pertama =260 ##$$a Jakarta Timur :$b Badan Pengembangan dan Pembinaan Bahasa,$c 2022 =300 ##$$a 20 hlm. : $b ilus. ; $c 22,9cm =700 #$$a Vishnu M Nair =856 ##$$a TBM AS-SYUHADA